000 00880nam a22003017a 4500
003 CHAP
005 20220329135908.0
008 971013s1896 r 00010 d
010 _a43835
011 _a44807
035 _a48946
040 _cCHAP
082 _a590
_bR3
100 0 0 _aRamírez, Román.
_994368
245 _aElementos de zoología
260 _aMéxico, D. F. :
_bSecretaría de Fomento,
_c1896
300 _a114 p.
501 _aEnc. con otros impresos similares
590 _aBATCH-UPD
_b10
_c20130110
_lUCH01
_h0325
590 _aBATCH-UPD
_b10
_c20130110
_lUCH01
_h1810
590 _aBATCH-UPD
_b10
_c20130409
_lUCH01
_h2358
590 _aBATCH-UPD
_b10
_c20130914
_lUCH01
_h1953
590 _aCONVERSION
_b10
_c20130109
_lUCH01
_h1324
650 1 4 _aZoología.
_9124151
901 _aBK
942 _cLIBRO
949 _a590 R3
_bBC
_cBPP
_d-110590
_eBPP
_i48946
_si
999 _c43835
_d43835